Sports Quiz

Random Sports or Decade Quiz

NBA Top Playoff Scorers by Team (2010s) Quiz Stats

 Plays Quiz Updated Jun 17, 2019

Score 0/290 Timer 20:00
17 Plays Today
% Correct
LeBron James
96.3%
LeBron James
96.3%
Kevin Durant
92.7%
Kevin Durant
92.7%
Stephen Curry
92.5%
Kyrie Irving
91.7%
Klay Thompson
90.6%
Tristan Thompson
90.1%
James Harden
90%
James Harden
89.9%
Paul Pierce
89.5%
Paul Pierce
89.5%
Paul Pierce
89.5%
Kobe Bryant
89.5%
Chris Paul
89.2%
Chris Paul
89.2%
Chris Paul
89.2%
Dwyane Wade
88.4%
Draymond Green
88.2%
Kevin Garnett
88.2%
Danny Green
87.9%
Derrick Rose
87.8%
Derrick Rose
87.8%
David West
87.8%
Dirk Nowitzki
87.6%
Marc Gasol
86.4%
Pau Gasol
86.4%
Pau Gasol
86.4%
Russell Westbrook
86.4%
Carmelo Anthony
86.2%
Carmelo Anthony
86.2%
Blake Griffin
85.9%
Ray Allen
85.2%
Ray Allen
85.2%
Anthony Davis
85.2%
Kemba Walker
85%
Glen Davis
84.9%
John Wall
84.9%
Tony Allen
84.8%
Tony Parker
84.2%
Paul George
83.9%
Tim Duncan
83.7%
J.R. Smith
83.1%
J.R. Smith
83.1%
Josh Smith
82.9%
Josh Smith
82.9%
Chris Bosh
82.9%
Caris LeVert
82.3%
Kevin Love
81.1%
Dwight Howard
81%
Dwight Howard
81%
Damian Lillard
80.8%
Al Horford
80.2%
Al Horford
80.1%
DeMar DeRozan
80.1%
Jimmy Butler
79.9%
Jimmy Butler
79.9%
Caron Butler
79.5%
Kawhi Leonard
79.2%
Kyle Lowry
79.1%
Rajon Rondo
78.3%
Rajon Rondo
78.3%
Bradley Beal
78%
Steve Nash
77.6%
DeAndre Jordan
76.5%
Karl-Anthony Towns
74.9%
Mike Conley
74.6%
Manu Ginobili
74.6%
Joe Johnson
74%
Joe Johnson
74%
Giannis Antetokounmpo
73.6%
Stanley Johnson
73.5%
Deron Williams
72.6%
Deron Williams
72.6%
Lou Williams
72.5%
Mo Williams
72.4%
Jason Kidd
72%
Patty Mills
71.8%
Ricky Rubio
71.6%
Kyle Korver
70.5%
Andre Drummond
70.3%
Andre Iguodala
69.3%
Andre Iguodala
69.3%
Andrew Wiggins
69%
Joakim Noah
68.3%
Joel Embiid
67.9%
C.J. McCollum
67.6%
Jeff Teague
67.2%
Jeff Teague
67.2%
Isaiah Thomas
66.9%
Paul Millsap
66.5%
Paul Millsap
66.5%
Ben Simmons
66.5%
Brook Lopez
65.9%
Robin Lopez
65.8%
Serge Ibaka
64.8%
Serge Ibaka
64.8%
% Correct
Reggie Jackson
64.4%
Reggie Jackson
64.4%
Stephen Jackson
64.2%
Khris Middleton
64%
Eric Gordon
62.7%
Eric Gordon
62.7%
LaMarcus Aldridge
62.5%
LaMarcus Aldridge
62.5%
Amar'e Stoudemire
60.8%
Amar'e Stoudemire
60.8%
Rodney Hood
60.7%
Gordon Hayward
60.2%
Zach Randolph
60.2%
Jrue Holiday
59.4%
Jrue Holiday
59.4%
Vince Carter
59.4%
Vince Carter
59.4%
Vince Carter
59.4%
Rudy Gobert
58.4%
Donovan Mitchell
57.3%
Thaddeus Young
56.2%
J.J. Redick
55.4%
J.J. Redick
55.4%
J.J. Redick
55.4%
Jason Terry
54.6%
Tyson Chandler
53.4%
Tyson Chandler
53.4%
Eric Bledsoe
52.9%
Eric Bledsoe
52.9%
Tobias Harris
51.6%
George Hill
51.6%
Devin Harris
51.5%
Grant Hill
51.5%
Jaylen Brown
51%
Shannon Brown
50.9%
Mario Chalmers
50.5%
Steven Adams
50.5%
Harrison Barnes
50.4%
Matt Barnes
50.3%
Clint Capela
48.7%
Marcin Gortat
48.3%
Trevor Ariza
48.1%
Trevor Ariza
48.1%
Trevor Ariza
48.1%
Andrew Bogut
47.9%
Luol Deng
47.9%
Shaun Livingston
47.5%
Shaun Livingston
47.5%
Shawn Marion
47.3%
Mike Miller
47.1%
Andre Miller
47%
Andre Miller
47%
Aaron Brooks & Tyus Jones
46.8%
Al Jefferson
46.6%
Derek Fisher
46.5%
Derek Fisher
46.5%
Carlos Boozer
46.3%
Carlos Boozer
46.3%
Otto Porter Jr.
46.3%
Roy Hibbert
46%
Taj Gibson
45.7%
Taj Gibson
45.7%
Nicolas Batum
45.4%
Nicolas Batum
45.4%
Ryan Anderson
44.4%
Alan Anderson
44.4%
Terrence Jones
43.9%
Andrew Bynum
43.7%
Jamal Murray
43.4%
D'Angelo Russell
43.4%
Jonas Valanciunas
43.2%
Myles Turner
42.4%
Evan Turner
42.4%
Jamal Crawford
41.8%
Jamal Crawford
41.8%
Jamal Crawford
41.8%
Gerald Wallace
41.3%
Jimmy Butler
41.2%
Paul George
40.9%
Jameer Nelson
40.6%
Marcus Morris
40.6%
Markieff Morris
40.5%
Jayson Tatum
40.2%
Lou Williams
40%
Jeremy Lin
39.7%
Metta World Peace
39.5%
Udonis Haslem
39.4%
Courtney Lee
39.1%
Courtney Lee
39.1%
Lamar Odom
38.8%
Danny Granger
38.2%
Lance Stephenson
37.7%
Nick Collison
36.5%
Darren Collison
36.5%
Dennis Schroder
36.2%
Monta Ellis
36.2%
George Hill
34.9%
% Correct
Iman Shumpert
33.8%
Iman Shumpert
33.8%
Malcolm Brogdon
33.7%
Goran Dragić
33.6%
Goran Dragić
33.6%
Avery Bradley
33.4%
Nate Robinson
31.9%
Derrick Favors
31.8%
Rashard Lewis
31.4%
Nikola Jokic
30.6%
J.J. Barea
29.9%
Jason Richardson
29.6%
Jason Richardson
29.6%
Ty Lawson
29.3%
Nene Hilario
29.2%
Nene Hilario
29.2%
Shane Battier
29.1%
Nikola Mirotić
29.1%
Kirk Hinrich
28.8%
Gary Harris
28.7%
Joe Ingles
28.6%
DeMarre Carroll
28.5%
Danilo Gallinari
28.2%
Hedo Turkoglu
27.6%
Cory Joseph
26.7%
P.J. Tucker
26.7%
Kent Bazemore
26.4%
Terry Rozier
26.4%
Kenyon Martin
25.9%
Wesley Matthews
25.5%
Cody Zeller
25.5%
Brandon Jennings
24.7%
Tobias Harris
24.3%
Brook Lopez
23.4%
Al-Farouq Aminu
23.3%
Norris Cole
22.4%
Boris Diaw
22%
Raymond Felton
21.8%
Raymond Felton
21.8%
Leandro Barbosa
21.7%
Leandro Barbosa
21.7%
Elton Brand
21.3%
Matthew Dellavedova
21.2%
Austin Rivers
20.8%
Jae Crowder
20.3%
Gorgui Dieng
19.2%
Kawhi Leonard
19.1%
Fred VanVleet
18.9%
Timofey Mozgov
18.8%
Tiago Splitter
18.4%
Kelly Oubre
18.3%
Patrick Beverley
18.2%
Paul Millsap
18.1%
Ian Clark
17.6%
Ersan Ilyasova
17.6%
Channing Frye
17.4%
Channing Frye
17.4%
E'Twaun Moore
17.4%
Peja Stojaković
17.3%
Bojan Bogdanović
17.3%
Thabo Sefolosha
16.6%
O.J. Mayo
16.3%
Wayne Ellington
15.5%
Kentavious Caldwell-Pope
15.3%
Norman Powell
14.4%
Mike Dunleavy Jr.
14%
Blake Griffin
14%
Nikola Mirotic
13.9%
Maurice Harkless
13.8%
Pascal Siakam
13.5%
Frank Kaminsky
12.8%
Patrick Patterson
12.1%
Kevon Looney
11.8%
Luke Kennard
11.6%
Langston Galloway
11.2%
Steve Blake
11.1%
Enes Kanter
10%
Arron Afflalo
9.5%
Jared Dudley
8.8%
Nemanja Bjelica
7.3%
Gary Neal
7.3%
Jordan Farmar
7.3%
Landry Fields
6.2%
Ramon Sessions
6.2%
Jerryd Bayless
5.7%
Mickael Pietrus
5.5%
Andray Blatche
5.4%
Mirza Teletovic
5.2%
John Salmons
5.1%
Quincy Pondexter
4.8%
Tyler Hansbrough
4.6%
Pablo Prigioni
4.4%
Carl Landry
3.4%
Toney Douglas
3.4%
Darrell Arthur
3.2%
Lou Amundson
2%

You're not logged in!

Compare scores with friends on all Sporcle quizzes.
OR
Log In

Sporcle TV

Today on Sporcle TV


Watch our educational content, quiz creation guides, and fun videos on Sporcle TV.

Show Comments

Extras

Top Quizzes Today


Score Distribution

Your Account Isn't Verified!

In order to create a playlist on Sporcle, you need to verify the email address you used during registration. Go to your Sporcle Settings to finish the process.

Report this User

Report this user for behavior that violates our Community Guidelines.

Details: